Statistics for Top 15 Countries with Covid-19 Deaths - 15 Feb 2021

Click here to take the quiz!

General Stats

  • This quiz has been taken 16 times
  • The average score is 15 of 24

Answer Stats

country% Correct
France
100%
Italy
100%
United Kingdom
100%
United States
100%
Brazil
93%
Germany
93%
Russia
93%
Spain
93%
Argentina
87%
Mexico
87%
India
73%
Portugal
60%
Iran
53%
South Africa
53%
Colombia
47%
Hungary
40%
Peru
40%
Belgium
33%
Czechia
33%
Slovenia
33%
Bosnia and
Herzegovina
27%
Croatia
27%
North Macedonia
27%
Bulgaria
20%

Score Distribution

Percentile by Number Answered

Percent of People with Each Score

Your Score History

You have not taken this quiz